Calidad educativa para una Europa de calidad : ponencias del Cuarto Congreso de Educación y Gestión / Jorge Oroz Funes (director) ; José Miguel Ilundain Vilà ... [et al.] ponencias del Cuarto Congreso de Educación y Gestión / Jorge Oroz Funes (director) ; José Miguel Ilundain Vilà ... [et al.]
Descripción Física:
232 p. ; 24 cm
Materias:
Educació -- Congressos
MARC
| LEADER | 00000nam a2200000Ia 4500 | ||
|---|---|---|---|
| 001 | 11751 | ||
| 008 | 160829s1997 xx 000 0 cat d | ||
| 080 | |a E-1-56 | ||
| 100 | |a Congreso de Educación y Gestión (4rt : 1997) |9 28708 | ||
| 245 | |a Calidad educativa para una Europa de calidad : |b ponencias del Cuarto Congreso de Educación y Gestión / Jorge Oroz Funes (director) ; José Miguel Ilundain Vilà ... [et al.] | ||
| 260 | |a Madrid : |b Confederación de Centros Educación y Gestión : |b SM, |c 1997 | ||
| 300 | |a 232 p. ; |c 24 cm | ||
| 650 | |a Educació |x Congressos |9 28709 | ||
| 700 | |a Oroz Funes, Jorge, dir. |9 28710 | ||
| 700 | |a Confederación de Centros de Educación y Gestión (Madrid) |9 28711 | ||
| 901 | |a Arxiu | ||
| 942 | |n 1 | ||
| 952 | |0 0 |1 0 |4 0 |6 E156 |7 1 |9 44914 |a Arxiu |b Arxiu |d 2016-12-01 |l 0 |o E-1-56 |p 11751 |r 2016-12-01 00:00:00 |w 2016-12-01 |y ARXIU | ||
| 999 | |c 47513 |d 47513 | ||